The essence of financial management / (Record no. 128986)

MARC details
000 -LEADER
fixed length control field 00705nam a22002297a 4500
005 - DATE AND TIME OF LATEST TRANSACTION
control field 20170124110049.0
010 ## - LIBRARY OF CONGRESS CONTROL NUMBER
LC control number A-933773
020 ## - INTERNATIONAL STANDARD BOOK NUMBER
International Standard Book Number 8120312023
Terms of availability 75.00
035 ## - SYSTEM CONTROL NUMBER
System control number A-933773
037 ## - SOURCE OF ACQUISITION
Source of stock number/acquisition Cen Lib/Ret
040 ## - CATALOGING SOURCE
Original cataloging agency DPL
Language of cataloging EN
082 ## - DEWEY DECIMAL CLASSIFICATION NUMBER
Classification number 658.15
Item number MYD
100 ## - MAIN ENTRY--PERSONAL NAME
Personal name Myddelton, D.R.
9 (RLIN) 25023
245 ## - TITLE STATEMENT
Title The essence of financial management /
Statement of responsibility, etc by D.R. Myddelton
260 ## - PUBLICATION, DISTRIBUTION, ETC. (IMPRINT)
Place of publication, distribution, etc New Delhi
Name of publisher, distributor, etc Prentice Hall Of India Private Limited
Date of publication, distribution, etc 1997
270 ## - ADDRESS
Address M-97, Connought Circus
City New Delhi
Postal code 110001
300 ## - PHYSICAL DESCRIPTION
Extent xi,196p.
Other physical details ill.
Dimensions 22cm(Hb)
500 ## - GENERAL NOTE
General note Includes index.
650 ## - SUBJECT ADDED ENTRY--TOPICAL TERM
Topical term or geographic name as entry element Management
9 (RLIN) 3072
650 ## - SUBJECT ADDED ENTRY--TOPICAL TERM
Topical term or geographic name as entry element Management financial
9 (RLIN) 25024
942 ## - ADDED ENTRY ELEMENTS (KOHA)
Source of classification or shelving scheme Dewey Decimal Classification
Koha item type English Books
Classification part 658.15
Call number suffix MYD
Holdings
Withdrawn status Lost status Damaged status Not for loan Home library Current library Date acquired Source of acquisition Cost, normal purchase price Total Checkouts Full call number Barcode Date last seen Copy number Cost, replacement price Price effective from Koha item type Public note
Written off       Central Library Central Library 04/07/2015 Cen Lib/Ret 75.00   658.15 MYD A-933773 04/07/2015 1 75.00 04/07/2015 English Books Written off on approval by DLB (By Circulation); dtd 15-06-2023

© Delhi Public Library
Hit Counter
free hit counter